000 00596nam a22002057a 4500
003 OSt
005 20240215113743.0
008 170512t xxu||||| |||| 00| 0 eng d
020 _a9788055600185
040 _c0
082 _a747.85
_bFAJ
100 1 _aFajardo, Julio
_9120511
245 1 0 _aNew York architecture = New York architektur/
_cJulio Fajardo.
260 _aSpain:
_bLOFT,
_c2006.
300 _a383p.:
_bill;
_c28 cm.
650 _aArchitecture
_99140
650 _aInterior decoration
_99141
710 _aEtchetto,Mariana eguaras
_9120512
942 _2ddc
_cBK
_aSADA
_k747.85 FAJ 2006
999 _c607760
_d607760